|
|
|
|
| LEADER |
00000nam0a2200000 4500 |
| 001 |
338029 |
| 005 |
20231102005017.0 |
| 035 |
|
|
|a (RuTPU)RU\TPU\book\364517
|
| 090 |
|
|
|a 338029
|
| 100 |
|
|
|a 20171117d1972 k y0rusy50 ca
|
| 101 |
1 |
|
|a rus
|c fre
|
| 102 |
|
|
|a RU
|
| 105 |
|
|
|a a z 001zy
|
| 200 |
1 |
|
|a Оптимальное управление системами, описываемыми уравнениями с частными производными
|d Controle optimal de systemes gouvernes par des equations aux derivees partielles
|e [монография]
|e пер. с фр.
|f Ж.-Л. Лионс
|g под ред. Р. В. Гамкрелидзе
|
| 210 |
|
|
|a Москва
|c Мир
|d 1972
|
| 215 |
|
|
|a 414 с.
|c ил.
|
| 320 |
|
|
|a Библиогр.: с. 393-408
|
| 320 |
|
|
|a Предметный указатель: с. 409-412
|
| 510 |
1 |
|
|a Contrôle optimal de systémes gouvernés par des èquations aux dérivées partielles
|z fre
|
| 606 |
1 |
|
|a Оптимальные процессы
|x Математическая теория
|x (автоматика)
|2 stltpush
|3 (RuTPU)RU\TPU\subj\47190
|9 66250
|
| 610 |
1 |
|
|a граничные задачи
|
| 610 |
1 |
|
|a эллиптический тип
|
| 610 |
1 |
|
|a параболический тип
|
| 610 |
1 |
|
|a гиперболический тип
|
| 610 |
1 |
|
|a регуляризация
|
| 610 |
1 |
|
|a апроксимизация
|
| 610 |
1 |
|
|a метод штрафов
|
| 610 |
1 |
|
|a управляемые системы
|
| 610 |
1 |
|
|a распределенные параметры
|
| 610 |
1 |
|
|a монографии
|
| 675 |
|
|
|a 681.51.01:517
|v 4
|
| 700 |
|
1 |
|a Лионс
|b Ж.-Л.
|g Жак-Луи
|
| 702 |
|
1 |
|a Гамкрелидзе
|b Р. В.
|4 340
|
| 801 |
|
1 |
|a RU
|b 63413507
|c 20171117
|
| 801 |
|
2 |
|a RU
|b 63413507
|c 20220506
|g RCR
|
| 942 |
|
|
|c BK
|